High-performance coagulation aid for skim natural rubber latex (Grass 0) (Record no. 60433)

MARC details
000 -LEADER
fixed length control field 00618nam a2200193Ia 4500
100 ## - MAIN ENTRY--AUTHOR NAME
Personal name Pattanawanidchai Sirichai
245 #0 - TITLE STATEMENT
Title High-performance coagulation aid for skim natural rubber latex (Grass 0)
260 ## - PUBLICATION, DISTRIBUTION, ETC. (IMPRINT)
Name of publisher IRRDB International Rubber Conference 14-17 December 2011, Chiang
650 ## - SUBJECT ADDED ENTRY--TOPICAL TERM
Topical Term GRASS 0
650 ## - SUBJECT ADDED ENTRY--TOPICAL TERM
Topical Term Life cycle Assessment
650 ## - SUBJECT ADDED ENTRY--TOPICAL TERM
Topical Term Skim latex
650 ## - SUBJECT ADDED ENTRY--TOPICAL TERM
Topical Term skim rubber recovery process
700 ## - ADDED ENTRY--PERSONAL NAME
Personal name Datchaneekul Kittipoj
700 ## - ADDED ENTRY--PERSONAL NAME
Personal name Kongkaew Chaveewan
700 ## - ADDED ENTRY--PERSONAL NAME
Personal name Loykulnant Surapich
700 ## - ADDED ENTRY--PERSONAL NAME
Personal name Montha Suriyakamon
942 ## - ADDED ENTRY ELEMENTS (KOHA)
Koha item type Journals
Holdings
Withdrawn status Lost status Damaged status Not for loan Home library Current library Shelving location Date acquired Koha item type
      Journals RRII Library RRII Library Rubber technology 27/09/2013 Journals